Word Vocabulary - SW - Statistics

General Stats
  • This quiz has been taken 295 times
    291 since last reset
  • The average score is 27 of 49
Answer Stats
word % Correct
swam
94%
swan
94%
swat
93%
swap
91%
swim
91%
swear
90%
sweat
88%
sweet
86%
swag
84%
swab
83%
swore
78%
sway
71%
sweep
71%
swell
71%
swill
68%
swing
68%
swamp
65%
swipe
65%
swig
58%
swine
58%
swish
58%
switch
57%
swain
55%
swarm
55%
swatch
55%
swum
54%
swank
50%
swoop
50%
sword
49%
swoon
48%
swift
46%
swede
44%
swash
43%
swept
42%
swung
42%
sworn
40%
swirl
39%
swathe
37%
swale
35%
swot
35%
swerve
29%
Swiss
27%
swoosh
23%
sward
22%
swarf
15%
swage
14%
swive
12%
swayed
8%
swinge
4%
No matching quizzes found
Score Distribution
Percent of People with Each Score
Percentile by Number Answered
Your Score History
You have not taken this quiz since the last reset